000 00335nam a2200133 i 4500
001 bg
100 1 _aSIENIUTYCZ, Stanisław
245 0 _aOptymalizacja w inżynierii procesowej /
_cStanisław Sieniutycz.
260 _aWarszawa,
_c1978.
040 _cBPK
041 _apol
942 _cKS
008 s pl f |000 0 pol
999 _c18056
_d18056
856 _uhttp://koha.tu.koszalin.pl/cgi-bin/koha/opac-detail.pl?biblionumber=18056
_yKatalog online BPK